The Glass Castle : (Record no. 15920)
[ view plain ]
| 000 -LEADER | |
|---|---|
| fixed length control field | 02016pam a2200385 a 4500 |
| 001 - CONTROL NUMBER | |
| control field | 13716901 |
| 005 - DATE AND TIME OF LATEST TRANSACTION | |
| control field | 20100525111531.0 |
| 008 - FIXED-LENGTH DATA ELEMENTS--GENERAL INFORMATION | |
| fixed length control field | 040913s2005 nyu 000 0aeng |
| 010 ## - LIBRARY OF CONGRESS CONTROL NUMBER | |
| LC control number | 2004058907 |
| 020 ## - INTERNATIONAL STANDARD BOOK NUMBER | |
| International Standard Book Number | 0743247531 |
| 035 ## - SYSTEM CONTROL NUMBER | |
| System control number | (OCoLC)ocm56590629 |
| 040 ## - CATALOGING SOURCE | |
| Original cataloging agency | DLC |
| Transcribing agency | DLC |
| Modifying agency | YDX |
| -- | DLC |
| 043 ## - GEOGRAPHIC AREA CODE | |
| Geographic area code | n-us--- |
| -- | n-us-wv |
| -- | n-us-ny |
| 050 00 - LIBRARY OF CONGRESS CALL NUMBER | |
| Classification number | HV5132 |
| Item number | .W35 2005 |
| 082 00 - DEWEY DECIMAL CLASSIFICATION NUMBER | |
| Classification number | 362.82092 |
| Edition number | 22 |
| Item number | WAL |
| 100 1# - MAIN ENTRY--PERSONAL NAME | |
| Personal name | Walls, Jeannette. |
| 9 (RLIN) | 26907 |
| 245 14 - TITLE STATEMENT | |
| Title | The Glass Castle : |
| Remainder of title | A Memoir / |
| Statement of responsibility, etc | Jeannette Walls. |
| 260 ## - PUBLICATION, DISTRIBUTION, ETC. (IMPRINT) | |
| Place of publication, distribution, etc | New York : |
| Name of publisher, distributor, etc | Scribner, |
| Date of publication, distribution, etc | c2005. |
| 300 ## - PHYSICAL DESCRIPTION | |
| Extent | 288 p. ; |
| Dimensions | 24 cm. |
| 600 10 - SUBJECT ADDED ENTRY--PERSONAL NAME | |
| Personal name | Walls, Jeannette. |
| 9 (RLIN) | 26908 |
| 650 #0 - SUBJECT ADDED ENTRY--TOPICAL TERM | |
| Topical term or geographic name as entry element | Children of alcoholics |
| Geographic subdivision | United States |
| Form subdivision | Biography. |
| 9 (RLIN) | 26909 |
| 650 #0 - SUBJECT ADDED ENTRY--TOPICAL TERM | |
| Topical term or geographic name as entry element | Children of alcoholics |
| Geographic subdivision | West Virginia |
| -- | Welch |
| Form subdivision | Biography. |
| 9 (RLIN) | 26910 |
| 650 #0 - SUBJECT ADDED ENTRY--TOPICAL TERM | |
| Topical term or geographic name as entry element | Dysfunctional families |
| Geographic subdivision | United States |
| Form subdivision | Case studies. |
| 9 (RLIN) | 26911 |
| 650 #0 - SUBJECT ADDED ENTRY--TOPICAL TERM | |
| Topical term or geographic name as entry element | Dysfunctional families |
| Geographic subdivision | West Virginia |
| -- | Welch |
| Form subdivision | Case studies. |
| 9 (RLIN) | 26912 |
| 650 #0 - SUBJECT ADDED ENTRY--TOPICAL TERM | |
| Topical term or geographic name as entry element | Poor |
| Geographic subdivision | West Virginia |
| -- | Welch |
| Form subdivision | Biography. |
| 9 (RLIN) | 26913 |
| 650 #0 - SUBJECT ADDED ENTRY--TOPICAL TERM | |
| Topical term or geographic name as entry element | Homeless persons |
| General subdivision | Family relationships |
| Geographic subdivision | New York (State) |
| -- | New York. |
| 9 (RLIN) | 26914 |
| 653 ## - INDEX TERM--UNCONTROLLED | |
| Resource For college | |
| Arrived date list | August2011 |
| 856 42 - ELECTRONIC LOCATION AND ACCESS | |
| Materials specified | Publisher description |
| Uniform Resource Identifier | <a href="http://www.loc.gov/catdir/enhancements/fy0631/2004058907-d.html">http://www.loc.gov/catdir/enhancements/fy0631/2004058907-d.html</a> |
| 856 41 - ELECTRONIC LOCATION AND ACCESS | |
| Materials specified | Sample text |
| Uniform Resource Identifier | <a href="http://www.loc.gov/catdir/enhancements/fy0641/2004058907-s.html">http://www.loc.gov/catdir/enhancements/fy0641/2004058907-s.html</a> |
| 856 42 - ELECTRONIC LOCATION AND ACCESS | |
| Materials specified | Contributor biographical information |
| Uniform Resource Identifier | <a href="http://www.loc.gov/catdir/enhancements/fy0902/2004058907-b.html">http://www.loc.gov/catdir/enhancements/fy0902/2004058907-b.html</a> |
| 942 ## - ADDED ENTRY ELEMENTS (KOHA) | |
| Source of classification or shelving scheme | Dewey Decimal Classification |
| Item type | Book - Borrowing |
| Withdrawn status | Item status | Source of classification or shelving scheme | Damaged status | Not for loan | Vendor | Home library | Current library | Shelving location | Date acquired | Source of acquisition | Cost, normal purchase price | Serial Enumeration / chronology | Total Checkouts | Full call number | Barcode | Date last seen | Koha item type |
|---|---|---|---|---|---|---|---|---|---|---|---|---|---|---|---|---|---|
| Dewey Decimal Classification | Baccah | Central Library | Central Library | First floor | 25/08/2011 | 109.00 | 12344 | 362.82092 WAL | 000024615 | 15/07/2025 | Book - Borrowing |